Kompetencie manažérov na rôznych úrovniach manažmentu v závislosti so stupňom kontroly
Základné kompetencie manažérov: odborné znalosti a vedomosti, realizačné schopnosti a praktické zručnosti, sociálna zrelosť. Miera kompetentnosti. Úroveň manažmentu a vplyv na kompetencie manažérov. Stupeň kontroly na jednotlivých stupňoch manažmentu a ich vplyv na kompetencie manažérov.
Na minha lista:
| Autor principal: | |
|---|---|
| Outros Autores: | |
| Formato: | Capítulo de Livro |
| Idioma: | eslovaco |
| Assuntos: | |
| Tags: |
Sem tags, seja o primeiro a adicionar uma tag!
|
MARC
| LEADER | 00000nla a2200000 4500 | ||
|---|---|---|---|
| 001 | 0242952 | ||
| 005 | 20240502083652.1 | ||
| 041 | 0 | |a slo | |
| 044 | |a CZ | ||
| 245 | 1 | 0 | |a Kompetencie manažérov na rôznych úrovniach manažmentu v závislosti so stupňom kontroly |c Paulína Paprskárová, Vladislav Sochanič |
| 520 | |a Základné kompetencie manažérov: odborné znalosti a vedomosti, realizačné schopnosti a praktické zručnosti, sociálna zrelosť. Miera kompetentnosti. Úroveň manažmentu a vplyv na kompetencie manažérov. Stupeň kontroly na jednotlivých stupňoch manažmentu a ich vplyv na kompetencie manažérov. | ||
| 610 | 2 | 0 | |a manažéri |
| 610 | 2 | 0 | |a manažment |
| 610 | 2 | 0 | |a kompetencie manažérske |
| 610 | 2 | 0 | |a vedomosti |
| 610 | 2 | 0 | |a zručnosti |
| 610 | 2 | 0 | |a odbornosť |
| 610 | 2 | 0 | |a riadenie |
| 610 | 2 | 0 | |a vedenie ľudí |
| 610 | 2 | 0 | |a kontrola |
| 100 | 1 | |a Paprskárová, Paulína | |
| 700 | 1 | |a Sochanič, Vladislav | |